000 01335cam a2200217 4500500
005 20260201132417.0
041 _afre
042 _adc
100 1 0 _aBecquemin, Michèle
_eauthor
245 0 0 _aLes variations de l'aide contrainte en protection de l'enfance
260 _c2013.
500 _a48
520 _aL’« aide contrainte » est inhérente aux formes de régulation des problèmes posés par des publics considérés hors normes, entre protection collective et sécurité des personnes. Dans le domaine de la protection de l’enfance, et depuis la Révolution française, l’aide aux enfants et aux familles varie en fonction des préoccupations dominantes durant les périodes considérées et selon des rapports de force à la fois politiques et institutionnels. L’éclairage apporté dans cet article met en relief les recompositions historiques de l’« aide » et de la « contrainte », pris comme pôles opposables d’un même concept.
690 _aaide contrainte
690 _aassociations de Sauvegarde de l'enfance et de l'adolescence
690 _acontrat social
690 _aparentalité
690 _asécurité civile
786 0 _nEmpan | 89 | 1 | 2013-04-01 | p. 26-31 | 1152-3336
856 4 1 _uhttps://shs.cairn.info/revue-empan-2013-1-page-26?lang=fr&redirect-ssocas=7080
999 _c1642433
_d1642433